Podaj kraj mając dwie początkowe litery - Statystyki

Ogólne statystyki
  • Ten quiz został rozwiązany 150 razy
  • Średni wynik to 11 z 15
Statystyki odpowiedzi
Zaczyna się na Państwo oraz Państwo % Poprawnych
Słowacja oraz Słowenia
93%
In Indie oraz Indonezja
90%
Sz Szwecja oraz Szwajcaria
89%
Ho Holandia oraz Honduras
86%
No Nowa Zelandia oraz Norwegia
83%
Ja Japonia oraz Jamajka
77%
To Tongo oraz Togo
76%
Na Nauru oraz Namibia
73%
Es Estonia oraz Eswatini
69%
Ku Kuwejt oraz Kuba
69%
Ga Gambia oraz Gabon
67%
Br Brazylia oraz Brunei
66%
Ki Kirgistan oraz Kiribati
62%
Wi Wietnam oraz Wielka Brytania
56%
Si Singapur oraz Sierra Leone
51%
Nie znaleziono quizów pasujących do podanych kryteriów
Rozkład punktacji
Procent ludzi z każdym wynikiem
Percentyl według liczby udzielonych odpowiedzi
Twoja historia wyników
Nie rozwiązałeś tego quizu